Afrontamiento en cuidadores de paciente con alzheimer en cartagena (colombia), 2018 / (Registro nro. 4004)
[ vista simple ]
| 000 -LEADER | |
|---|---|
| fixed length control field | 01500nam a2200253 4500 |
| 001 - CONTROL NUMBER | |
| control field | 0000010907 |
| 005 - DATE AND TIME OF LATEST TRANSACTION | |
| control field | 20250329165434.0 |
| 008 - FIXED-LENGTH DATA ELEMENTS--GENERAL INFORMATION | |
| fixed length control field | 180709s2018 000 0 eng d |
| 040 ## - CATALOGING SOURCE | |
| Original cataloging agency | CO-CtgCURN |
| Language of cataloging | spa |
| Transcribing agency | coctgcurn |
| 082 0# - DEWEY DECIMAL CLASSIFICATION NUMBER | |
| Classification number | ENF 2018 |
| Item number | H821 |
| 100 1# - MAIN ENTRY--PERSONAL NAME | |
| Personal name | De Horta Castiblanco, Yuli. |
| 245 10 - TITLE STATEMENT | |
| Title | Afrontamiento en cuidadores de paciente con alzheimer en cartagena (colombia), 2018 / |
| Statement of responsibility, etc. | Yuli De Horta Castiblanco; Helen Salas Mena; Kelly Salazar Reales; Diana Tellez Turizo; Asesor: Zorayda Barrios Puerta. |
| 260 ## - PUBLICATION, DISTRIBUTION, ETC. | |
| Place of publication, distribution, etc. | Cartagena de Indias : |
| Name of publisher, distributor, etc. | Corporación Universitaria Rafael Núñez, |
| Date of publication, distribution, etc. | 2018. |
| 504 ## - BIBLIOGRAPHY, ETC. NOTE | |
| Bibliography, etc. note | Trabajo de grado (Enfermeria). Corporacion Universitaria Rafael Nuñez. Facultad de la Salud. Enfermeria, 2018. |
| 520 ## - SUMMARY, ETC. | |
| Summary, etc. | Conocer las condiciones de los cuidadores permite identificar posible sobrecarga y detrimentos en su calidad de vida. OBJETIVO: Determinar las estrategias de afrontamiento presentes en cuidadores de paciente con Alzheimer en Cartagena durante 2018. |
| 650 #0 - SUBJECT ADDED ENTRY--TOPICAL TERM | |
| Topical term or geographic name entry element | Enfermeria |
| Form subdivision | Tesis y disertaciones academicas. |
| 700 1# - ADDED ENTRY--PERSONAL NAME | |
| Personal name | Salas Mena, Helen. |
| 700 1# - ADDED ENTRY--PERSONAL NAME | |
| Personal name | Salazar Reales, Kelly. |
| 700 1# - ADDED ENTRY--PERSONAL NAME | |
| Personal name | Tellez Turizo, Diana. |
| 700 1# - ADDED ENTRY--PERSONAL NAME | |
| Personal name | Barrios Puerta, Zorayda, |
| Relator term | Asesor. |
| 856 ## - ELECTRONIC LOCATION AND ACCESS | |
| Uniform Resource Identifier | <a href="https://unicurn.sharepoint.com/:b:/s/biblioteca/ETgAjo10xaJIvQWESH4S8fUBp800bAH0_RKFkugTlFI-gw?e=Tj9q0j">https://unicurn.sharepoint.com/:b:/s/biblioteca/ETgAjo10xaJIvQWESH4S8fUBp800bAH0_RKFkugTlFI-gw?e=Tj9q0j</a> |
| Public note | Click aqui para ver el recurso en texto completo |
| 942 ## - ADDED ENTRY ELEMENTS (KOHA) | |
| Source of classification or shelving scheme | Dewey Decimal Classification |
| Koha item type | Trabajos de grado |
| Classification part | ENF 2018 |
| Item part | H821 |
| Withdrawn status | Lost status | Source of classification or shelving scheme | Damaged status | Not for loan | Collection | Home library | Current library | Shelving location | Date acquired | Source of acquisition | Cost, normal purchase price | Inventory number | Total checkouts | Full call number | Barcode | Date last seen | Copy number | Price effective from | Koha item type |
|---|---|---|---|---|---|---|---|---|---|---|---|---|---|---|---|---|---|---|---|
| Dewey Decimal Classification | Trabajos de grado | Miguel Henríquez Emiliani | Miguel Henríquez Emiliani | Trabajo de grado | 03/29/2025 | El autor | 350000.00 | 022185 | ENF 2018 H821 | 022185 | 07/09/2018 | 1 | 07/09/2018 | Trabajos de grado |